Quiz o Wronkach - Statystyki

Ogólne statystyki
  • Ten quiz został rozwiązany 3 razy
  • Średni wynik to 3 z 14
Statystyki odpowiedzi
Wskazówka Odpowiedź % Poprawnych
Rodzimy producent sprzętu AGD, którego siedzibą są Wronki Amica
100%
Największy zakład karny tego typu w Polsce mieści się we Wronkach Typ {zamknięty}
67%
We Wronkach znajduje się akademia piłkarska tego czołowego klubu Lech Poznań
33%
Polski władca, którego imieniem nazwano osiedle we Wronkach Mieszko I
33%
Puszcza zlokalizowana na północ od miasta Puszcza {Notecka}
33%
Rzeka, nad którą leżą Wronki Warta
33%
Staw znajdujący się w prawobrzeżnej części Wronek, koło ul. Nadbrzeżnej Cegielnia
0%
Patron parku przy ul. Niepodległości i pierwszy burmistrz Wronek w II RP Cyryl Sroczyński
0%
Droga wojewódzka poprowadzona przez środek rynku we Wronkach DW {182}
0%
Jedyne działające we Wronkach kino i teatr, o logu przypominającym Multikino Gwiazda
0%
Powiat, w którym leżą Wronki Powiat {szamotulski}
0%
Jeden z wicemarszałków Senatu XI kadencji, urodzony we Wronkach Rafał Grupiński
0%
Popularna marka telefonów i sprzętu AGD, fabrykę tego drugiego posiada we Wronkach Samsung
0%
Stacja kolejowa otwarta w 2024 roku Wronki {Zamość}
0%
Nie znaleziono quizów pasujących do podanych kryteriów
Rozkład punktacji
Procent ludzi z każdym wynikiem
Percentyl według liczby udzielonych odpowiedzi
Twoja historia wyników
Nie rozwiązałeś tego quizu